000 01433nam1a22002651 4500
001 rc\160086
005 20030307112845.7
035 _a(NLR Aleph) 008780180
090 _a7977472
_c7977472
100 _a20030307d1992 u |0rusy50 ca
101 0 _arus
102 _aRU
105 _ay |||||||||
200 1 _aМИР старообрядчества
_e[Сб. по материалам конф. "Традиц. книжность и культура рус. старообрядчества
_e25 лет полевых исслед. МГУ", 25-26 янв. 1992 г.
_fПод. ред. д. ист. н. И.В. Поздеевой и Е.Б. Смелянской
_gПредисл. акад., чл.-корр. Рос. АН Н.Н. Покровского]
210 _aМ.
_aСПб.
_cХронограф
_d1992
215 _d20
300 _aВ надзаг.: Археогр. лаб. ист. фак. МГУ, Н.-и. центр "Хронограф"
702 1 _aПоздеева
_bИ. В.
_gИрина Васильевна
_4340
712 0 2 _aМГУ им. М.В.Ломоносова
_bАрхеографическая лаборатория
_3RU\NLR\AUTH\889921301
712 1 2 _a"Традиционная книжность и культура старообрядчества", конф
_f1992
_eМосква
_3RU\NLR\AUTH\889921202
801 0 _aRU
_bNLR
_gpsbo
801 1 _aRU
_bELAR
_2rusmarc
852 _aNLR
_j96-3/4449
942 _cBOOK
980 _aNB